<?xml version="1.0" encoding="UTF-8"?>
<record
    xmlns:xsi="http://www.w3.org/2001/XMLSchema-instance"
    xsi:schemaLocation="http://www.loc.gov/MARC21/slim http://www.loc.gov/standards/marcxml/schema/MARC21slim.xsd"
    xmlns="http://www.loc.gov/MARC21/slim">

  <leader>01280    a2200205   4500</leader>
  <controlfield tag="001">39889</controlfield>
  <controlfield tag="005">20260407155655.0</controlfield>
  <controlfield tag="008">260407a1982    arg                 spa d</controlfield>
  <controlfield tag="003">AR-UNSa-BCEJYS</controlfield>
  <datafield tag="040" ind1=" " ind2=" ">
    <subfield code="a">AR-UNSa-BCEJYS</subfield>
    <subfield code="b">spa</subfield>
    <subfield code="c">AR-UNSa-BCEJYS</subfield>
  </datafield>
  <datafield tag="080" ind1=" " ind2=" ">
    <subfield code="a">001.8</subfield>
    <subfield code="x">Metodolog&#xED;a. Estudio general del m&#xE9;todo. Procedimientos cient&#xED;ficos y t&#xE9;cnicos para el estudio, La investigaci&#xF3;n y la discusi&#xF3;n</subfield>
  </datafield>
  <datafield tag="245" ind1="1" ind2="0">
    <subfield code="a">C&#xF3;mo hacer una tesis</subfield>
  </datafield>
  <datafield tag="020" ind1=" " ind2=" ">
    <subfield code="a">970-05-0265-1</subfield>
  </datafield>
  <datafield tag="264" ind1=" " ind2="1">
    <subfield code="a">Barcelona :</subfield>
    <subfield code="b">Ediciones Grijalbo</subfield>
    <subfield code="c">1982</subfield>
  </datafield>
  <datafield tag="300" ind1=" " ind2=" ">
    <subfield code="a">220 p.</subfield>
    <subfield code="c">22 cm.</subfield>
  </datafield>
  <datafield tag="505" ind1=" " ind2=" ">
    <subfield code="a">Parte I: T&#xE9;cnicas para la elaboraci&#xF3;n de la tesis - Parte II: Investigaci&#xF3;n Preliminar: 1. Determinaci&#xF3;n del &#xE1;rea - 2. Breve consulta bibliogr&#xE1;fica sobre la &#xE1;rea elegida - 3. Elecci&#xF3;n del tema, determinaci&#xF3;n de su perimetro y elaboraci&#xF3;n de la agenda de investigaci&#xF3;n - 4. Sondeo de fuentes de conocimiento y descubrimiento de hip&#xF3;tesis - Parte III: 5. Estudio y elaboraci&#xF3;n de la tesis : 5. Estructura en borrado del esquema de la tesis - 6. Elaboraci&#xF3;n de fichas piloto y grafico-descriptiva - 7. Estudio de fuentes de conocimiento - 8. Exmam&#xE9;n  y ajuste de fichas - 9. Exposici&#xF3;n gradual - 10. Copia. </subfield>
  </datafield>
  <datafield tag="942" ind1=" " ind2=" ">
    <subfield code="c">BK</subfield>
  </datafield>
  <datafield tag="590" ind1=" " ind2=" ">
    <subfield code="a">niveau_biblio:m niveau_hierar:0</subfield>
  </datafield>
  <datafield tag="100" ind1="1" ind2=" ">
    <subfield code="a">Taborga, Hu&#xE1;scar</subfield>
  </datafield>
  <datafield tag="999" ind1=" " ind2=" ">
    <subfield code="c">3123</subfield>
    <subfield code="d">3123</subfield>
  </datafield>
  <datafield tag="952" ind1=" " ind2=" ">
    <subfield code="0">0</subfield>
    <subfield code="1">0</subfield>
    <subfield code="4">0</subfield>
    <subfield code="7">0</subfield>
    <subfield code="a">BCEJYS</subfield>
    <subfield code="b">BCEJYS</subfield>
    <subfield code="c">16</subfield>
    <subfield code="d">2026-04-07</subfield>
    <subfield code="l">0</subfield>
    <subfield code="o">001.8 T114</subfield>
    <subfield code="p">L86379</subfield>
    <subfield code="r">2026-04-07 15:56:55</subfield>
    <subfield code="w">2026-04-07</subfield>
    <subfield code="y">L</subfield>
  </datafield>
</record>
